Epithets of Famous Historical Figures - Statistics

General Stats
  • This quiz has been taken 1,093 times
  • The average score is 9 of 15
Answer Stats
Hint Answer % Correct
Vlad III The Impaler
94%
Attila The Hun
93%
Ivan IV The Terrible
91%
Richard I The Lionheart
83%
Louis XIV The Sun King
77%
William I The Conqueror
74%
Erwin Rommel The Desert Fox
72%
Erik Thorvaldsson The Red
63%
Suleiman I The Magnificent
54%
Æthelred II The Unready
49%
Kʼinich Janaab Pakal I Pakal The Great
42%
Harald Gormsson Harald Bluetooth
31%
What was the above known as by some Romans? Scourge of God
21%
Simo Häyhä White Death
21%
Idi Amin The Butcher of Uganda
13%
No matching quizzes found
Score Distribution
Percent of People with Each Score
Percentile by Number Answered
Your Score History
You have not taken this quiz